| 000 | 00709cam a22002291 4500 | ||
|---|---|---|---|
| 999 |
_c36135 _d36135 |
||
| 001 | 3120645 | ||
| 003 | ARRUPE | ||
| 005 | 20170530091024.0 | ||
| 008 | 700901s1968 njub b 000 0 eng | ||
| 010 | _a 68013126 | ||
| 040 |
_aDLC _cDLC _dDLC |
||
| 043 | _af------ | ||
| 050 | 0 | 0 |
_aDT21 _b.C6 |
| 082 | 0 | 0 | _a960/.08 |
| 100 | 1 |
_aCollins, Robert O., _d1933- _ecomp. _931136 |
|
| 245 | 1 | 0 |
_aProblems in African history. _cEdited by Robert O. Collins. |
| 260 |
_aEnglewood Cliffs, N.J., _bPrentice-Hall _c[1968] |
||
| 300 |
_aix, 374 p. _bmaps. _c23 cm. |
||
| 504 | _aBibliographical footnotes. | ||
| 651 | 0 |
_aAfrica _xHistory. _931636 |
|
| 906 |
_a7 _bcbc _corignew _du _encip _f19 _gy-gencatlg |
||
| 942 |
_2lcc _cMONOGRAPH |
||